[Event "COL-ch School U11"]
[Site "Sede"]
[Date "2011.??.??"]
[Round "1.2"]
[White "Perez, Kevin Esteban"]
[Black "Rosado Perez, Maria Jose"]
[Result "0-1"]
[WhiteElo "1371"]
[BlackElo "1965"]
[PlyCount "73"]
[EventDate "2011.02.23"]
[EventType "tourn"]
[EventRounds "7"]
[EventCountry "COL"]
[SourceTitle "EXT 2024"]
[Source "ChessBase"]
[SourceDate "2023.10.10"]
[SourceVersion "1"]
[SourceVersionDate "2023.10.10"]
[SourceQuality "1"]

1. e4 c5 2. Nf3 d6 3. d4 cxd4 4. Nxd4 Nf6 5. Nc3 a6 6. Bd3 e5 7. Nf3 Be6 8. 0-0 Be7 9. Be3 0-0 10. Qd2 Nc6 11. Rfe1 d5 12. exd5 Bxd5 13. Nxd5 Nxd5 14. Be4 Nxe3 15. Qxe3 Bd6 16. Rad1 Qc7 17. Qg5 f6 18. Qh4 g6 19. Bd5+ Kg7 20. Qg4 Nb4 21. Be6 Rad8 22. c3 Nc6 23. Nh4 Ne7 24. Nf5+ Nxf5 25. Bxf5 Bc5 26. Rxd8 Rxd8 27. h4 Qb6 28. Qg3 Qxb2 29. h5 Bxf2+ 30. Qxf2 Qxf2+ 31. Kxf2 gxf5 32. Re3 Rd2+ 33. Re2 Rxe2+ 34. Kxe2 Kh6 35. a4 Kxh5 36. c4 f4 37. c5 0-1

[Event "COL-ch U10 Beginners"]
[Site "Manizales"]
[Date "2009.01.10"]
[Round "5.4"]
[White "Perez, Kevin Esteban"]
[Black "Garcia, Alen David"]
[Result "1-0"]
[WhiteElo "1300"]
[BlackElo "1300"]
[PlyCount "29"]
[EventDate "2009.01.08"]
[EventType "swiss"]
[EventRounds "7"]
[EventCountry "COL"]
[SourceTitle "EXT 2024"]
[Source "ChessBase"]
[SourceDate "2023.10.10"]
[SourceVersion "1"]
[SourceVersionDate "2023.10.10"]
[SourceQuality "1"]

1. e4 e5 2. Nf3 Nf6 3. Bc4 Bc5 4. Ng5 Ng4 5. 0-0 0-0 6. d4 Bxd4 7. a4 Re8 8. Bd2 d6 9. h3 Nf6 10. Qf3 d5 11. exd5 Nxd5 12. Qxf7+ Kh8 13. Bxd5 Rf8 14. Qh5 Qe8 15. Qxh7# 1-0